Vplyv starnutia na finančný trh Demografia ako dobrý nástroj predpovedania budúcnosti
Odhad demografického vývoja v Nemecku do roku 2050. Starnutie obyvateľstva a dôchodková reforma. Súkromné investície do dôchodkového pripoistenia a ich dopad na finančný trh. Súvis pohybu, resp. odlevu peňazí z finančného trhu a odchodu ľudí do dôchodku. Predpokladané varianty vývoja na finančnom tr...
Saved in:
| Main Author: | |
|---|---|
| Format: | Book Chapter |
| Language: | Slovak |
| Subjects: | |
| Tags: |
No Tags, Be the first to tag this record!
|
MARC
| LEADER | 00000naa$a2200000$$$4500 | ||
|---|---|---|---|
| 001 | 0025152 | ||
| 005 | 20240502071421.2 | ||
| 041 | 0 | |a slo | |
| 044 | |a SK | ||
| 245 | 1 | 0 | |a Vplyv starnutia na finančný trh |b Demografia ako dobrý nástroj predpovedania budúcnosti |c Pavel Škriniar |
| 520 | |a Odhad demografického vývoja v Nemecku do roku 2050. Starnutie obyvateľstva a dôchodková reforma. Súkromné investície do dôchodkového pripoistenia a ich dopad na finančný trh. Súvis pohybu, resp. odlevu peňazí z finančného trhu a odchodu ľudí do dôchodku. Predpokladané varianty vývoja na finančnom trhu. Vplyv starnutia obyvateľstva na hospodárstvo štátu. Situácia na Slovensku. | ||
| 610 | 2 | 0 | |a demografia ekonomická |
| 610 | 2 | 0 | |a starnutie populácie |
| 610 | 2 | 0 | |a reformy dôchodkové |
| 610 | 2 | 0 | |a trh finančný |
| 610 | 2 | 0 | |a investovanie |
| 610 | 2 | 0 | |a dôchodky starobné |
| 610 | 2 | 0 | |a riziko finančné |
| 610 | 2 | 0 | |a predvídanie |
| 610 | 2 | 0 | |a Nemecko |
| 610 | 2 | 0 | |a Slovensko |
| 100 | 1 | |a Škriniar, Pavel, 1979- | |